000 00887nmm a2200265 a 4500
001 ocm000702931
003 TR-IsHL
005 20201028130947.0
008 131010s2009 tu tur
007 cr cn
035 _a702931
_b(N$T)
050 0 4 _aPL230
_b.S23 2009
090 0 4 _aPL230
_b.S23 2009
100 1 _aSabahattin Ali
245 1 0 _aHanende melek
_h[electronic resource] /
_cSabahattin Ali ; haz. Erdal Çakıcıoğlu ; res. Erdal Çakıcıoğlu
260 _aİstanbul :
_bBirleşik Yayınları,
_c2009
300 _a72 p.
650 4 _aDil ve Edebiyat
650 4 _aLanguage and Literature
650 0 _aÇocuk Edebiyatı
650 0 _aChildren literature
650 7 _aLITERARY COLLECTIONS / Middle Eastern
_2bisacsh
700 1 _aÇakıcıoğlu, Erdal
856 4 0 _uhttp://search.ebscohost.com/login.aspx?direct=true&scope=site&db=e011xww&AN=702931
999 _c4303
_d4303